Các phương pháp phân tích và dự báo trong kinh tế

Salvato in:
Dettagli Bibliografici
Autore principale: Nguyễn Khắc Minh.
Natura: Libro
Lingua:Vietnamese
Pubblicazione: Khoa học và kỹ thuật 2002
Tags: Aggiungi Tag
Nessun Tag, puoi essere il primo ad aggiungerne! !
Thư viện lưu trữ: Mạng thư viện Đại học Đà Nẵng
LEADER 00675nam a2200253 4500
001 000020221
003 16666
005 20150310100303.0
008 150310s2002 viesd
020 |c 60000 
041 0 |a vie 
082 1 4 |a 330.0112  |b NG-M 
100 1 |a Nguyễn Khắc Minh. 
245 1 0 |a Các phương pháp phân tích và dự báo trong kinh tế  |c Nguyễn Khắc Minh. 
260 |b Khoa học và kỹ thuật  |c 2002 
300 |a tr.  |c cm. 
OWN |a LSP 
999 |a From the UDN01 
TYP |a Monograph 
TYP |a Printed language 
980 |a Mạng thư viện Đại học Đà Nẵng